|
|
|
|
| LEADER |
01957nam a22004575i 4500 |
| 001 |
33676 |
| 003 |
BD-DhAAL |
| 005 |
20180808102815.0 |
| 008 |
180808t2018 ii af b 001 0 eng d |
| 999 |
|
|
|c 39559
|d 39559
|
| 010 |
|
|
|a 2018315200
|
| 020 |
|
|
|a 9789352779253
|
| 020 |
|
|
|a 9352779258
|
| 020 |
|
|
|z 9789352779260
|
| 025 |
|
|
|a I-E-2018315200; 63-92; 63-09
|
| 035 |
|
|
|a (OCoLC)on1038246065
|
| 035 |
|
|
|a (OCoLC)1038246065
|
| 037 |
|
|
|b Library of Congress -- New Delhi Overseas Office
|
| 040 |
|
|
|a DKAGE
|b eng
|e rda
|c DKAGE
|d SEA
|d DKAGE
|d OCLCF
|d OCLCA
|d DLC
|d BD-DhAAL
|
| 050 |
|
4 |
|a DS450.P18
|b D85 2018
|
| 082 |
0 |
4 |
|a 327.5405491
|2 23
|
| 100 |
1 |
|
|a Dulat, A. S.
|q (Amarjit Singh),
|d 1940-
|e author.
|9 27742
|
| 245 |
1 |
4 |
|a The spy chronicles :
|b RAW, ISI and the illusion of peace /
|c A.S. Dulat, Asad Durrani and Aditya Sinha.
|
| 246 |
|
|
|a The spy chronicles
|
| 260 |
|
|
|a Noida, Uttar Pradesh, India :
|b HarperCollins Publishers India,
|c 2018.
|
| 300 |
|
|
|a xxii, 321 pages, 16 unnumbered pages of plates :
|b illustrations (some color) ;
|c 24 cm.
|
| 504 |
|
|
|a Includes bibliographical references and index.
|
| 526 |
|
|
|a BIGD
|
| 541 |
|
|
|a Trim Education
|e 33676
|
| 610 |
1 |
0 |
|a India.
|b Cabinet Secretariat.
|b Research and Analysis Wing.
|9 27743
|
| 610 |
1 |
0 |
|a Pakistan.
|b Inter Services Intelligence.
|9 27744
|
| 650 |
|
0 |
|a Intelligence service
|z India.
|9 27745
|
| 650 |
|
0 |
|a Intelligence service
|z Pakistan.
|9 27746
|
| 651 |
|
0 |
|a India
|x Foreign relations
|z Pakistan.
|9 27747
|
| 651 |
|
0 |
|a Pakistan
|x Foreign relations
|z India.
|9 27748
|
| 651 |
|
0 |
|a Jammu and Kashmir (India)
|x Politics and government.
|9 27749
|
| 700 |
1 |
|
|a Durrani, Asad,
|e author.
|9 27750
|
| 700 |
1 |
|
|a Sinha, Aditya,
|e author.
|9 27751
|
| 852 |
|
|
|a Ayesha Abed Library
|c General Stacks
|
| 942 |
|
|
|2 ddc
|c BK
|
| 952 |
|
|
|0 0
|1 0
|2 ddc
|4 0
|6 327_540549100000000_DUL
|7 0
|9 64223
|a IGS
|b IGS
|c GEN
|d 2018-08-08
|e Trim Education
|g 1675.00
|l 0
|o 327.5405491 DUL
|p 3010033676
|r 2018-08-08
|t 1
|v 1675.00
|w 2018-08-08
|y BK
|